[Event "Alsace-Baden"]
[Site "Wittelsheim"]
[Date "2013.09.22"]
[Round "1"]
[White "Drabke, Lorenz Maximilian"]
[Black "Riff, Jean Noel"]
[Result "1/2-1/2"]
[WhiteElo "2431"]
[BlackElo "2415"]
[PlyCount "33"]
[EventDate "2013.09.22"]
[WhiteTeam "Baden"]
[BlackTeam "Alsace"]
[WhiteTeamCountry "GER"]
[BlackTeamCountry "FRA"]

1. e4 c5 2. Nf3 Nc6 3. Bb5 d6 4. O-O Bd7 5. Re1 Nf6 6. c3 a6 7. Bxc6 Bxc6 8. d4
Bxe4 9. Bg5 Bd5 10. Nbd2 e6 11. c4 Bxf3 12. Qxf3 cxd4 13. Qxb7 Qc8 14. Qb6 Qc5
15. Qb7 Qc8 16. Qb6 Qc5 17. Qb7 1/2-1/2

[Event "Alsace-Baden"]
[Site "Wittelsheim"]
[Date "2013.09.22"]
[Round "2"]
[White "Lerch, Patrice"]
[Black "Pfrommer, Christoph"]
[Result "1/2-1/2"]
[WhiteElo "2370"]
[BlackElo "2367"]
[PlyCount "51"]
[EventDate "2013.09.22"]
[WhiteTeam "Alsace"]
[BlackTeam "Baden"]
[WhiteTeamCountry "FRA"]
[BlackTeamCountry "GER"]

1. e4 c6 2. Nc3 d5 3. Nf3 Bg4 4. h3 Bxf3 5. Qxf3 e6 6. g3 Nf6 7. Bg2 dxe4 8.
Nxe4 Nxe4 9. Qxe4 Qd5 10. O-O Qxe4 11. Bxe4 Be7 12. b4 a6 13. Rb1 Nd7 14. Rd1
O-O 15. Kf1 Rfd8 16. c4 Ne5 17. c5 Nd3 18. Ke2 Nxc1+ 19. Rdxc1 g6 20. a4 e5 21.
Rb2 Rd7 22. b5 axb5 23. axb5 Ra5 24. bxc6 bxc6 25. Bxc6 Rc7 26. Rb5 1/2-1/2

[Event "Alsace-Baden"]
[Site "Wittelsheim"]
[Date "2013.09.22"]
[Round "3"]
[White "Arnold, Lothar"]
[Black "Roos, Louis"]
[Result "1/2-1/2"]
[WhiteElo "2358"]
[BlackElo "2360"]
[PlyCount "95"]
[EventDate "2013.09.22"]
[WhiteTeam "Baden"]
[BlackTeam "Alsace"]
[WhiteTeamCountry "GER"]
[BlackTeamCountry "FRA"]

1. e4 e6 2. d4 d5 3. Nd2 Nf6 4. e5 Nfd7 5. Bd3 c5 6. c3 Nc6 7. Ne2 cxd4 8. cxd4
f6 9. exf6 Nxf6 10. O-O Bd6 11. Nf3 Qc7 12. Bg5 O-O 13. Bh4 Nh5 14. Bg3 g6 15.
Rc1 Nxg3 16. hxg3 Qg7 17. Bb1 Bd7 18. Qd2 Rae8 19. a3 a6 20. Rc3 Na5 21. Ba2
Bb5 22. Re3 Nc4 23. Bxc4 Bxc4 24. Re1 Rf6 25. Nf4 Bxf4 26. gxf4 Rxf4 27. Rxe6
Rxe6 28. Qxf4 Rxe1+ 29. Nxe1 Qf7 30. Qb8+ Kg7 31. Nf3 Qe7 32. Ne5 h5 33. Qc8
Bb5 34. g3 Be8 35. b4 Bf7 36. Kg2 Be6 37. Qc2 Qf6 38. Qc7+ Kh6 39. Qxb7 h4 40.
Kg1 hxg3 41. fxg3 Qg5 42. Qxa6 Qxg3+ 43. Kf1 Bf5 44. Qf6 Qf4+ 45. Ke2 Qe4+ 46.
Kf1 Qf4+ 47. Ke2 Qh2+ 48. Ke1 1/2-1/2

[Event "Alsace-Baden"]
[Site "Wittelsheim"]
[Date "2013.09.22"]
[Round "4"]
[White "Roos, Daniel"]
[Black "Dittmar, Peter"]
[Result "1/2-1/2"]
[WhiteElo "2354"]
[BlackElo "2344"]
[PlyCount "64"]
[EventDate "2013.09.22"]
[WhiteTeam "Alsace"]
[BlackTeam "Baden"]
[WhiteTeamCountry "FRA"]
[BlackTeamCountry "GER"]

1. Nf3 d5 2. g3 c6 3. Bg2 Bg4 4. c4 e6 5. cxd5 exd5 6. d3 Nf6 7. Qb3 Qb6 8. Qc2
Nbd7 9. O-O Bd6 10. Be3 Qd8 11. Nc3 O-O 12. a3 Re8 13. b4 a5 14. Qb3 axb4 15.
axb4 Qe7 16. Rxa8 Rxa8 17. Rb1 Bxf3 18. Bxf3 h5 19. b5 Nc5 20. Qc2 Ng4 21. Bxg4
hxg4 22. bxc6 bxc6 23. Bxc5 Bxc5 24. Na4 Bd4 25. Qxc6 Qa7 26. Rb7 Qa5 27. Rb4
Qxb4 28. Qxa8+ Kh7 29. Kg2 Qe1 30. e3 Bxe3 31. fxe3 Qe2+ 32. Kg1 Qe1+ 1/2-1/2

[Event "Alsace-Baden"]
[Site "Wittelsheim"]
[Date "2013.09.22"]
[Round "5"]
[White "Schwing, Hans Elmar"]
[Black "Heinz, Timothee"]
[Result "1/2-1/2"]
[WhiteElo "2280"]
[BlackElo "2344"]
[PlyCount "97"]
[EventDate "2013.09.22"]
[WhiteTeam "Baden"]
[BlackTeam "Alsace"]
[WhiteTeamCountry "GER"]
[BlackTeamCountry "FRA"]

1. d4 Nf6 2. c4 g6 3. Nc3 Bg7 4. e4 O-O 5. Nf3 c6 6. e5 Ne8 7. Be2 d6 8. O-O
Bg4 9. Bf4 Nd7 10. Re1 Qa5 11. Ng5 Bxe2 12. Qxe2 dxe5 13. dxe5 h6 14. Nf3 Nc7
15. h4 Ne6 16. Qe3 Nb6 17. Bxh6 Nxc4 18. Qe2 Bxh6 19. Qxc4 Kg7 20. Rad1 Rad8
21. h5 Qc5 22. Qg4 Nf4 23. hxg6 fxg6 24. Ne4 Qc4 25. b3 Qe6 26. Qxe6 Nxe6 27.
Kf1 a5 28. Rxd8 Rxd8 29. g3 Rd5 30. Ke2 g5 31. Nc3 Nd4+ 32. Nxd4 Rxd4 33. f3
Kg6 34. Ke3 c5 35. Rd1 Rxd1 36. Nxd1 Kf5 37. Nf2 Bg7 38. Nd3 Bxe5 39. g4+ Ke6
40. Nxc5+ Kd5 41. Ne4 Bf4+ 42. Kd3 Bc1 43. a4 Bf4 44. Nf2 Bc1 45. Nd1 Bf4 46.
Nc3+ Kc5 47. Ne4+ Kd5 48. Nc3+ Kc5 49. Ne4+ 1/2-1/2

[Event "Alsace-Baden"]
[Site "Wittelsheim"]
[Date "2013.09.22"]
[Round "6"]
[White "Riff, Vincent"]
[Black "Scherer, Max"]
[Result "1/2-1/2"]
[WhiteElo "2336"]
[BlackElo "2302"]
[PlyCount "33"]
[EventDate "2013.09.22"]
[WhiteTeam "Alsace"]
[BlackTeam "Baden"]
[WhiteTeamCountry "FRA"]
[BlackTeamCountry "GER"]

1. g3 d5 2. Bg2 Nf6 3. Nf3 Bg4 4. c4 c6 5. Ne5 Be6 6. cxd5 Bxd5 7. Nf3 e5 8. d3
Nbd7 9. O-O Be7 10. Nc3 O-O 11. b3 h6 12. Bb2 Be6 13. Qc2 Rc8 14. Rac1 Nd5 15.
Qb1 f6 16. Rfd1 Nxc3 17. Bxc3 1/2-1/2

[Event "Alsace-Baden"]
[Site "Wittelsheim"]
[Date "2013.09.22"]
[Round "7"]
[White "Metz, Hartmut"]
[Black "Bellahcene, Bilel"]
[Result "1-0"]
[WhiteElo "2293"]
[BlackElo "2321"]
[PlyCount "31"]
[EventDate "2013.09.22"]
[WhiteTeam "Baden"]
[BlackTeam "Alsace"]
[WhiteTeamCountry "GER"]
[BlackTeamCountry "FRA"]

1. e4 e6 2. d4 d5 3. Nc3 Bb4 4. e5 c5 5. a3 Bxc3+ 6. bxc3 Ne7 7. Bd3 Qa5 8. Bd2
Qa4 9. Bg5 Nec6 10. Nf3 Nd7 11. O-O b6 12. c4 dxc4 13. Be4 cxd4 14. Nxd4 Bb7
15. Nxc6 Bxc6 16. Qd6 1-0

[Event "Alsace-Baden"]
[Site "Wittelsheim"]
[Date "2013.09.22"]
[Round "8"]
[White "Mohebbi, Jaffar"]
[Black "Schneider, Bernd"]
[Result "1-0"]
[WhiteElo "2320"]
[BlackElo "2240"]
[PlyCount "113"]
[EventDate "2013.09.22"]
[WhiteTeam "Alsace"]
[BlackTeam "Baden"]
[WhiteTeamCountry "FRA"]
[BlackTeamCountry "GER"]

1. d4 Nf6 2. Nf3 e6 3. g3 c5 4. Bg2 cxd4 5. O-O a6 6. a4 Be7 7. Nxd4 d5 8. c4
O-O 9. cxd5 Nxd5 10. Na3 b6 11. Qb3 Bb7 12. e4 Nf6 13. Rd1 Nbd7 14. Nxe6 fxe6
15. Qxe6+ Rf7 16. e5 Bxg2 17. exf6 Bxa3 18. Rxa3 Bb7 19. fxg7 Qe8 20. Re3 Qxe6
21. Rxe6 Bf3 22. Rd4 Rc8 23. Bh6 Rxg7 24. h3 Rf7 25. g4 Rb8 26. Kh2 Nf8 27.
Red6 a5 28. Kg3 Be2 29. Re4 Bf1 30. Re1 Bc4 31. f4 Bb3 32. Re4 Nd7 33. Red4 Rf6
34. Rxd7 Rxh6 35. f5 Re8 36. Rb7 Rf6 37. Kf4 h6 38. h4 Bc2 39. Rc7 Bb1 40. Rc1
Ba2 41. g5 Rf7 42. Rc6 hxg5+ 43. hxg5 Rh7 44. Kg4 Rh1 45. Rxb6 Rg1+ 46. Kh5
Rh1+ 47. Kg6 Rf8 48. Rd7 Bf7+ 49. Rxf7 Rxf7 50. Rb5 Rh4 51. Rxa5 Rb4 52. Ra8+
Rf8 53. Ra7 Rxb2 54. a5 Rc2 55. a6 Ra2 56. f6 Rb8 57. Rg7+ 1-0

[Event "Alsace-Baden"]
[Site "Wittelsheim"]
[Date "2013.09.22"]
[Round "9"]
[White "Gierth, Hans Joachim"]
[Black "Briet, Antoine"]
[Result "0-1"]
[WhiteElo "2269"]
[BlackElo "2291"]
[PlyCount "90"]
[EventDate "2013.09.22"]
[WhiteTeam "Baden"]
[BlackTeam "Alsace"]
[WhiteTeamCountry "GER"]
[BlackTeamCountry "FRA"]

1. d4 Nf6 2. Nf3 g6 3. Bf4 d6 4. e3 Nh5 5. Bg5 h6 6. Bh4 g5 7. Nfd2 Ng7 8. Bg3
Nf5 9. Be2 Bg7 10. c3 O-O 11. e4 Nxg3 12. hxg3 c5 13. d5 f5 14. exf5 Bxf5 15.
Bg4 Qd7 16. Bf3 b5 17. a4 b4 18. O-O Na6 19. Qe2 Nc7 20. Nc4 Rae8 21. cxb4 cxb4
22. g4 Bg6 23. Rd1 Na6 24. Nbd2 Nc5 25. Ra2 Bd3 26. Qe3 Rf4 27. b3 Bd4 28. Qe1
Nxb3 29. Nxb3 Bxc4 30. Rxd4 Rxd4 31. Nxd4 Bxa2 32. Qa1 Qc8 33. Qxa2 Qc1+ 34.
Kh2 Qf4+ 35. g3 Qxd4 36. Qc2 Kg7 37. Qe2 b3 38. Be4 b2 39. Bb1 Rf8 40. f4 gxf4
41. Qc2 fxg3+ 42. Kh3 Rh8 43. Qg6+ Kf8 44. Qe6 Qf6 45. Qe4 h5 0-1

[Event "Alsace-Baden"]
[Site "Wittelsheim"]
[Date "2013.09.22"]
[Round "10"]
[White "Roos, Jean Luc"]
[Black "Eppinger, Georg"]
[Result "1-0"]
[WhiteElo "2262"]
[BlackElo "2240"]
[PlyCount "92"]
[EventDate "2013.09.22"]
[WhiteTeam "Alsace"]
[BlackTeam "Baden"]
[WhiteTeamCountry "FRA"]
[BlackTeamCountry "GER"]

1. e4 c5 2. Nc3 Nc6 3. f4 g6 4. Nf3 Bg7 5. Bb5 Nd4 6. O-O Nxb5 7. Nxb5 Nf6 8.
d3 O-O 9. Qe1 d6 10. Qh4 Bd7 11. Nc3 Ne8 12. f5 e6 13. Bg5 f6 14. fxg6 hxg6 15.
Bh6 Qe7 16. Bxg7 Kxg7 17. Qg3 Nc7 18. Rad1 Rh8 19. e5 dxe5 20. Nxe5 Be8 21. Ng4
f5 22. Qe5+ Kg8 23. Nf6+ Kf7 24. Nfd5 Nxd5 25. Nxd5 Qh4 26. Nc7 Rc8 27. Qxe6+
Kg7 28. Qe5+ Qf6 29. Ne6+ Kf7 30. Rde1 Qxe5 31. Rxe5 b6 32. Rfe1 Kf6 33. Nf4
Bf7 34. a3 Rhd8 35. b3 b5 36. h4 Rd6 37. Re7 c4 38. bxc4 bxc4 39. Rxa7 cxd3 40.
cxd3 Rd4 41. g3 Rd6 42. Ree7 Be8 43. Kf2 Ra8 44. Rxa8 Kxe7 45. a4 Rd4 46. Ke3
Rb4 1-0

[Event "Alsace-Baden"]
[Site "Wittelsheim"]
[Date "2013.09.22"]
[Round "11"]
[White "Vinke, Andreas"]
[Black "Gaston, Serge"]
[Result "0-1"]
[WhiteElo "2231"]
[BlackElo "2242"]
[PlyCount "86"]
[EventDate "2013.09.22"]
[WhiteTeam "Baden"]
[BlackTeam "Alsace"]
[WhiteTeamCountry "GER"]
[BlackTeamCountry "FRA"]

1. c4 Nf6 2. g3 c6 3. Bg2 d5 4. cxd5 cxd5 5. d4 Nc6 6. Nc3 Bf5 7. Nf3 e6 8. O-O
Bd6 9. Bg5 h6 10. Bxf6 Qxf6 11. h3 O-O 12. e3 Rfc8 13. Rc1 Rab8 14. Ne1 b5 15.
Qd2 h5 16. Qe2 Na5 17. Qxh5 b4 18. Nxd5 exd5 19. Rxc8+ Bxc8 20. Qxd5 Qd8 21.
Nd3 Be6 22. Qh5 g6 23. Qh6 Rb5 24. e4 Bf8 25. Qe3 Nc4 26. Qe2 Qxd4 27. b3 Ne5
28. Nf4 Rb6 29. Nxe6 Rxe6 30. Rd1 Qc5 31. Rd5 Qc1+ 32. Rd1 Qc3 33. Kh2 Nc6 34.
Rd3 Qc5 35. Qd2 Rd6 36. Rd5 Rxd5 37. exd5 Nd4 38. h4 Nf5 39. h5 Qc3 40. Qf4 Bd6
41. Qg5 Qh8 42. Bf3 Qd4 43. Kg2 Bc5 0-1

[Event "Alsace-Baden"]
[Site "Wittelsheim"]
[Date "2013.09.22"]
[Round "12"]
[White "Herb, Pascal"]
[Black "Dekan, Hans"]
[Result "1-0"]
[WhiteElo "2229"]
[BlackElo "2093"]
[PlyCount "89"]
[EventDate "2013.09.22"]
[WhiteTeam "Alsace"]
[BlackTeam "Baden"]
[WhiteTeamCountry "FRA"]
[BlackTeamCountry "GER"]

1. e4 c5 2. Nf3 Nc6 3. d4 cxd4 4. Nxd4 e5 5. Nb5 d6 6. c4 a6 7. N5a3 Nf6 8. Nc3
Be7 9. Be2 O-O 10. Nc2 Be6 11. O-O Rc8 12. b3 Qa5 13. Bd2 Qc7 14. Bd3 Nd7 15.
Re1 Nc5 16. Bf1 f5 17. exf5 Bxf5 18. Ne3 Bg6 19. Ned5 Qd8 20. Be3 Ne6 21. Bd3
Bxd3 22. Qxd3 Bg5 23. Ne4 Bxe3 24. fxe3 Nc5 25. Nxc5 dxc5 26. Qe4 Qg5 27. Rf1
g6 28. h4 Qg3 29. Nf6+ Kg7 30. Rf3 Qxf3 31. gxf3 Rxf6 32. Rd1 Rf7 33. Kf2 Rcf8
34. h5 Rxf3+ 35. Qxf3 Rxf3+ 36. Kxf3 Kh6 37. hxg6 hxg6 38. Ke4 Kh5 39. Rh1+ Kg4
40. Rg1+ Kh5 41. Kd5 g5 42. Kxc5 g4 43. Kb6 e4 44. Kxb7 Ne5 45. c5 1-0

[Event "Alsace-Baden"]
[Site "Wittelsheim"]
[Date "2013.09.22"]
[Round "13"]
[White "Wiechert, Hans"]
[Black "Viennot, Dylan"]
[Result "0-1"]
[WhiteElo "2240"]
[BlackElo "2227"]
[PlyCount "76"]
[EventDate "2013.09.22"]
[WhiteTeam "Baden"]
[BlackTeam "Alsace"]
[WhiteTeamCountry "GER"]
[BlackTeamCountry "FRA"]

1. d4 Nf6 2. Nf3 d5 3. c4 e6 4. Bg5 Be7 5. e3 Nbd7 6. Nc3 h6 7. Bh4 O-O 8. cxd5
Nxd5 9. Bxe7 Qxe7 10. Nxd5 exd5 11. Be2 Nb6 12. O-O Bf5 13. Rc1 c6 14. Qd2 Be4
15. b3 Bxf3 16. Bxf3 f5 17. Rfe1 g5 18. Qd3 Nc8 19. Bd1 Nd6 20. Bc2 Rae8 21.
Qd2 h5 22. Bd3 h4 23. b4 Rf6 24. a4 g4 25. b5 cxb5 26. axb5 h3 27. Qa2 Qf7 28.
Rc5 b6 29. Rc6 hxg2 30. Rec1 Re7 31. Qa3 Rd7 32. Qc3 Rh6 33. Qb3 f4 34. exf4
Qh5 35. Kxg2 Qxh2+ 36. Kf1 Qh1+ 37. Ke2 Qf3+ 38. Kd2 Ne4+ 0-1

[Event "Alsace-Baden"]
[Site "Wittelsheim"]
[Date "2013.09.22"]
[Round "14"]
[White "Messinger, Karl"]
[Black "Kresovic, Velimir"]
[Result "1-0"]
[WhiteElo "2184"]
[BlackElo "2225"]
[PlyCount "95"]
[EventDate "2013.09.22"]
[WhiteTeam "Alsace"]
[BlackTeam "Baden"]
[WhiteTeamCountry "FRA"]
[BlackTeamCountry "GER"]

1. e4 e6 2. d4 c5 3. d5 Nf6 4. dxe6 fxe6 5. e5 Nd5 6. Bd3 g6 7. h4 Nc6 8. Nf3
Qc7 9. h5 Rg8 10. hxg6 hxg6 11. Qe2 d6 12. exd6 Qxd6 13. Na3 Nf4 14. Bxf4 Qxf4
15. Nb5 a6 16. Rh4 Qf7 17. Ng5 Qe7 18. Rh7 Qxg5 19. Nc7+ Kd8 20. Nxa8 Bg7 21.
c3 Bd7 22. Nb6 Ne5 23. Nxd7 Kxd7 24. Qd2 Nxd3+ 25. Qxd3+ Kc7 26. Rd1 Qxg2 27.
Qd7+ Kb8 28. Qxe6 Rf8 29. Qe3 Qg1+ 30. Ke2 Qg4+ 31. f3 Qg2+ 32. Qf2 Qg5 33. Kf1
Qe7 34. Re1 Qd7 35. Kg2 Ka8 36. Re4 Qf7 37. Qe2 Qg8 38. Rh1 Rb8 39. Re6 Ka7 40.
Qe3 Bf8 41. b4 Rc8 42. a4 Kb8 43. b5 a5 44. Qe5+ Ka7 45. b6+ Ka6 46. Qd5 Rc6
47. Qc4+ Kxb6 48. Rxc6+ 1-0

[Event "Alsace-Baden"]
[Site "Wittelsheim"]
[Date "2013.09.22"]
[Round "15"]
[White "Haag, Gregor"]
[Black "Blum, Nicolas"]
[Result "0-1"]
[WhiteElo "2134"]
[BlackElo "2150"]
[PlyCount "102"]
[EventDate "2013.09.22"]
[WhiteTeam "Baden"]
[BlackTeam "Alsace"]
[WhiteTeamCountry "GER"]
[BlackTeamCountry "FRA"]

1. Nf3 Nf6 2. d4 e6 3. c4 b6 4. g3 Ba6 5. Qa4 Bb7 6. Bg2 c5 7. dxc5 Bxc5 8. O-O
O-O 9. Rd1 Ne4 10. b4 Qf6 11. bxc5 Qxa1 12. Qc2 Qf6 13. Bb2 Qf5 14. c6 Bxc6 15.
g4 Qf4 16. Be5 Qh6 17. Nd4 Nc5 18. Nxc6 Nxc6 19. Bd6 Rfd8 20. Nc3 Qg6 21. Qd2
Rac8 22. h3 Na5 23. Qd4 Qc2 24. Rd2 Qc1+ 25. Rd1 Qc2 26. Rd2 Qg6 27. Rd1 h6 28.
f4 Nab7 29. Be7 Re8 30. Bh4 Na5 31. Nb5 Nab7 32. e4 e5 33. fxe5 Qe6 34. Bg3 a6
35. Nc3 Na5 36. Nd5 Na4 37. Bf1 Qc6 38. Rc1 Qc5 39. Bf2 Qxd4 40. Bxd4 Rc6 41.
Nb4 Rcc8 42. Nxa6 Nc6 43. Be3 Rxe5 44. Bd3 Ra5 45. c5 Nxc5 46. Nxc5 bxc5 47.
Bc4 Ne5 48. Bd5 c4 49. Rc2 c3 50. Kf1 Ra3 51. Bb3 Nd3 0-1

[Event "Alsace-Baden"]
[Site "Wittelsheim"]
[Date "2013.09.22"]
[Round "16"]
[White "Collard, Olivier"]
[Black "Cofman, Veaceslav"]
[Result "1/2-1/2"]
[WhiteElo "2142"]
[BlackElo "2121"]
[PlyCount "77"]
[EventDate "2013.09.22"]
[WhiteTeam "Alsace"]
[BlackTeam "Baden"]
[WhiteTeamCountry "FRA"]
[BlackTeamCountry "GER"]

1. d4 Nf6 2. c4 g6 3. Nc3 Bg7 4. e4 d6 5. Nf3 O-O 6. Be2 e5 7. O-O Na6 8. Be3
Ng4 9. Bg5 f6 10. Bc1 c6 11. dxe5 dxe5 12. h3 Nh6 13. Be3 Nf7 14. Qxd8 Rxd8 15.
Rfd1 Re8 16. a3 f5 17. b4 f4 18. Bc1 Nc7 19. Bb2 Ne6 20. Na4 b6 21. Rd2 Neg5
22. Nxg5 Nxg5 23. f3 Ne6 24. Rad1 Nd4 25. Bxd4 exd4 26. Nb2 g5 27. Nd3 Be6 28.
Rc1 Rec8 29. Rdc2 Bf8 30. h4 h6 31. hxg5 hxg5 32. Kf2 a5 33. Rg1 axb4 34. axb4
Kf7 35. g3 fxg3+ 36. Rxg3 Be7 37. f4 gxf4 38. Bh5+ Kf8 39. Nxf4 1/2-1/2

[Event "Alsace-Baden"]
[Site "Wittelsheim"]
[Date "2013.09.22"]
[Round "17"]
[White "Barbanera, Fabrizio"]
[Black "Cantin, Loic"]
[Result "1/2-1/2"]
[WhiteElo "2130"]
[BlackElo "2134"]
[PlyCount "89"]
[EventDate "2013.09.22"]
[WhiteTeam "Baden"]
[BlackTeam "Alsace"]
[WhiteTeamCountry "GER"]
[BlackTeamCountry "FRA"]

1. e4 g6 2. d4 Bg7 3. c4 d6 4. Nc3 Nf6 5. Nf3 O-O 6. Be2 e5 7. O-O Nc6 8. d5
Ne7 9. Ne1 Nd7 10. Be3 f5 11. f3 f4 12. Bf2 g5 13. Nd3 Nf6 14. c5 Ng6 15. a4
Rf7 16. a5 Bd7 17. a6 b6 18. cxd6 cxd6 19. Nb4 Qe8 20. Rc1 Rc8 21. Qd3 g4 22.
Nb5 Rxc1 23. Rxc1 Bf8 24. Nc6 g3 25. Be1 gxh2+ 26. Kh1 Be7 27. Nbxa7 Nh5 28.
Nxe7+ Qxe7 29. Nc8 Bxc8 30. Rxc8+ Kg7 31. Bf1 Qg5 32. Qd2 Nh4 33. Qe2 Ng3+ 34.
Bxg3 fxg3 35. Rc3 Ng6 36. Qe1 h5 37. Qc1 Qe7 38. b4 h4 39. b5 Nf4 40. Rc2 h3
41. gxh3 Qd7 42. Qe1 Nh5 43. Qe3 Nf4 44. Qe1 Nh5 45. Qe3 1/2-1/2

[Event "Alsace-Baden"]
[Site "Wittelsheim"]
[Date "2013.09.22"]
[Round "18"]
[White "Richard, Emma"]
[Black "Roesch, Mario"]
[Result "1-0"]
[WhiteElo "2112"]
[BlackElo "2076"]
[PlyCount "81"]
[EventDate "2013.09.22"]
[WhiteTeam "Alsace"]
[BlackTeam "Baden"]
[WhiteTeamCountry "FRA"]
[BlackTeamCountry "GER"]

1. e4 e6 2. d4 d5 3. Nd2 Nf6 4. e5 Nfd7 5. Bd3 c5 6. c3 b6 7. Ndf3 Ba6 8. Ne2
Be7 9. c4 O-O 10. O-O Nc6 11. cxd5 Bxd3 12. dxc6 Bxe2 13. Qxe2 Nb8 14. dxc5
Bxc5 15. Qb5 Qc7 16. b4 Be7 17. Qc4 Qxc6 18. Qg4 Qc2 19. Nd4 Qg6 20. Qf3 Nd7
21. Qb7 Bxb4 22. Nc6 Nxe5 23. Nxe5 Qf5 24. Nc6 Bc5 25. Be3 Kh8 26. Bxc5 Qxc5
27. Rfd1 Rac8 28. Rac1 Qh5 29. Nxa7 Rb8 30. Qd7 Qe2 31. Rd2 Qe4 32. h3 h5 33.
Qd3 Qb7 34. Nb5 Rbc8 35. Rcd1 Rc5 36. Nd6 Qe7 37. Ne4 Rd5 38. Qe2 g6 39. Qe3
Rxd2 40. Rxd2 Kg7 41. Qxb6 1-0

[Event "Alsace-Baden"]
[Site "Wittelsheim"]
[Date "2013.09.22"]
[Round "19"]
[White "Rahnfeld, Jens"]
[Black "Haussernot, Cecile"]
[Result "1-0"]
[WhiteElo "1994"]
[BlackElo "2107"]
[PlyCount "79"]
[EventDate "2013.09.22"]
[WhiteTeam "Baden"]
[BlackTeam "Alsace"]
[WhiteTeamCountry "GER"]
[BlackTeamCountry "FRA"]

1. e4 c5 2. Nf3 d6 3. d4 cxd4 4. Nxd4 Nf6 5. Nc3 a6 6. Be3 e5 7. Nb3 Be7 8. h3
Be6 9. f4 exf4 10. Bxf4 Nc6 11. Qe2 Qc7 12. O-O-O O-O 13. g4 b5 14. Nd5 Bxd5
15. exd5 Nb4 16. Bg2 Rfe8 17. Kb1 a5 18. c3 a4 19. cxb4 axb3 20. a3 Ra4 21. Rc1
Qd7 22. Qd3 Rea8 23. Qxb3 Ne8 24. Rhe1 Bf6 25. Re2 g6 26. Qd3 Ng7 27. Rc6 Qa7
28. Be3 Qd7 29. Bd4 Bd8 30. Qxb5 h5 31. Bf3 Bg5 32. Qd3 hxg4 33. hxg4 f5 34.
gxf5 Nxf5 35. Bg4 Rf8 36. Rh2 Bf6 37. Bxf6 Rxf6 38. Qh3 Qe7 39. Qh8+ Kf7 40.
Rh7+ 1-0

[Event "Alsace-Baden"]
[Site "Wittelsheim"]
[Date "2013.09.22"]
[Round "20"]
[White "Rocher, Olivier"]
[Black "Ehret, Thomas"]
[Result "1-0"]
[WhiteElo "2101"]
[BlackElo "2012"]
[PlyCount "79"]
[EventDate "2013.09.22"]
[WhiteTeam "Alsace"]
[BlackTeam "Baden"]
[WhiteTeamCountry "FRA"]
[BlackTeamCountry "GER"]

1. Nf3 Nf6 2. c4 c5 3. Nc3 b6 4. e4 d6 5. d4 cxd4 6. Nxd4 Bb7 7. f3 e6 8. Be2
Be7 9. O-O O-O 10. Be3 Nbd7 11. Qd2 a6 12. Rfd1 Rc8 13. Rac1 Qc7 14. Bf1 Qb8
15. Bf2 Rfd8 16. Nc2 Ne5 17. Ne3 Nh5 18. Qd4 Bc6 19. Ng4 Nd7 20. Be3 Rc7 21. b4
e5 22. Qd2 h6 23. Bxh6 gxh6 24. Nxh6+ Kf8 25. Nf5 Ndf6 26. Qh6+ Ke8 27. g4 Nf4
28. g5 Ng8 29. Ng7+ Kf8 30. Ne6+ Ke8 31. Nxc7+ Qxc7 32. Qg7 Kd7 33. Qxe5 Ng6
34. Bh3+ Ke8 35. Qg3 Bd7 36. Nd5 Qb8 37. Bf5 Nf8 38. h4 Be6 39. h5 Qa7 40. Kh1
1-0

[Event "Alsace-Baden"]
[Site "Wittelsheim"]
[Date "2013.09.22"]
[Round "21"]
[White "Staub, Gerhard"]
[Black "Degardin, Sylvain"]
[Result "0-1"]
[WhiteElo "2097"]
[BlackElo "2060"]
[PlyCount "88"]
[EventDate "2013.09.22"]
[WhiteTeam "Baden"]
[BlackTeam "Alsace"]
[WhiteTeamCountry "GER"]
[BlackTeamCountry "FRA"]

1. e4 e5 2. Nf3 Nc6 3. Bb5 a6 4. Bxc6 dxc6 5. Nc3 Bd6 6. d4 exd4 7. Qxd4 f6 8.
O-O Be6 9. b3 Ne7 10. Bb2 Ng6 11. Ne2 Qe7 12. Qe3 c5 13. e5 fxe5 14. Nxe5 O-O-O
15. Nf3 Rde8 16. Qg5 Qf7 17. Ng3 b6 18. Rad1 Rhg8 19. Rfe1 Bf4 20. Qh5 Bd7 21.
Ng5 Bxg5 22. Qxg5 Kb7 23. f3 Rgf8 24. Rxe8 Bxe8 25. Qd5+ Qxd5 26. Rxd5 Nf4 27.
Rf5 Rxf5 28. Nxf5 g5 29. Ne3 Bg6 30. Kf2 Ne6 31. Be5 Nd4 32. h4 gxh4 33. f4
Nxc2 34. Nd5 Nb4 35. Ne7 Nxa2 36. Nxg6 hxg6 37. g4 Nc1 38. Ke3 Kc6 39. f5 gxf5
40. g5 Kd5 41. Bxc7 b5 42. g6 Ke6 43. Be5 Nxb3 44. Kf4 Nd4 0-1

[Event "Alsace-Baden"]
[Site "Wittelsheim"]
[Date "2013.09.22"]
[Round "22"]
[White "Goettelman, Guillaume"]
[Black "Khalil, Alaa El din"]
[Result "1-0"]
[WhiteElo "2044"]
[BlackElo "1976"]
[PlyCount "116"]
[EventDate "2013.09.22"]
[WhiteTeam "Alsace"]
[BlackTeam "Baden"]
[WhiteTeamCountry "FRA"]
[BlackTeamCountry "GER"]

1. d4 Nf6 2. Nf3 e6 3. c4 Bb4+ 4. Bd2 Qe7 5. g3 O-O 6. Bg2 d5 7. O-O c6 8. Bf4
Bd6 9. Bxd6 Qxd6 10. Nbd2 Nbd7 11. Qc2 b6 12. e4 Nxe4 13. Nxe4 dxe4 14. Qxe4
Bb7 15. Rfd1 Rab8 16. Qe3 Qb4 17. b3 Qa3 18. c5 bxc5 19. dxc5 Nxc5 20. Ne5 Rbd8
21. Rdc1 Nd7 22. Nc4 Qa6 23. Bf1 Ba8 24. Ne5 Qc8 25. Bg2 Nxe5 26. Qxe5 Qd7 27.
Rc5 Qd6 28. Qc3 Rc8 29. Rc1 Rfd8 30. b4 a6 31. a4 Rb8 32. Bxc6 Bxc6 33. Rxc6
Qxb4 34. Qxb4 Rxb4 35. Rxa6 h6 36. Ra7 Rf8 37. a5 f6 38. Rcc7 Rg4 39. f3 Rg5
40. a6 Rd8 41. Rc2 Rd1+ 42. Kg2 Ra1 43. Re2 Rga5 44. Rxe6 Kh7 45. Rxf6 R5a2+
46. Kh3 Rh1 47. Rff7 Rhxh2+ 48. Kg4 h5+ 49. Kg5 Ra5+ 50. Kf4 Ra4+ 51. Kg5 Ra5+
52. Rf5 Rha2 53. Rxa5 Rxa5+ 54. Kh4 Kh6 55. f4 Ra4 56. Kh3 Kg6 57. Ra8 Ra2 58.
a7 Ra1 1-0

[Event "Alsace-Baden"]
[Site "Wittelsheim"]
[Date "2013.09.22"]
[Round "23"]
[White "Pfau, Michael"]
[Black "Burri, Quentin"]
[Result "0-1"]
[WhiteElo "1991"]
[BlackElo "2036"]
[PlyCount "110"]
[EventDate "2013.09.22"]
[WhiteTeam "Baden"]
[BlackTeam "Alsace"]
[WhiteTeamCountry "GER"]
[BlackTeamCountry "FRA"]

1. e4 c5 2. Nf3 d6 3. h3 Nf6 4. Bd3 a6 5. c3 b5 6. Bc2 Bb7 7. d3 Nc6 8. O-O Rc8
9. Re1 e6 10. Be3 Be7 11. Nbd2 O-O 12. Nf1 Qc7 13. Bg5 Rfe8 14. Ng3 h6 15. Bf4
Qd7 16. Qe2 a5 17. Rad1 Qc7 18. Nh2 Ne5 19. Bc1 Ned7 20. Bb1 b4 21. Bc2 Bc6 22.
Ng4 Nxg4 23. hxg4 a4 24. d4 Qb7 25. Nh5 cxd4 26. cxd4 e5 27. d5 Bb5 28. Bd3
Bxd3 29. Qxd3 b3 30. a3 Nf6 31. Qf3 Nxh5 32. gxh5 Rc2 33. Qg4 Qc8 34. Qg3 Kh8
35. Rf1 Bf6 36. Qf3 Kh7 37. g4 Re7 38. Kh1 Bg5 39. Bxg5 hxg5 40. h6 f6 41. Kg2
g6 42. Kg3 Rf7 43. Rb1 Qc4 44. Rfe1 Qd4 45. Red1 Qc4 46. Re1 Qd4 47. Red1 Rd2
48. Rxd2 Qxd2 49. Rd1 Qxb2 50. Qd3 Rc7 51. Qa6 Qxa3 52. Qa5 b2+ 53. f3 Qc5 54.
Qxa4 Qc1 55. Qa5 Qf4+ 0-1

[Event "Alsace-Baden"]
[Site "Wittelsheim"]
[Date "2013.09.22"]
[Round "24"]
[White "Lenz, Matthias"]
[Black "Bohlsen, Linus"]
[Result "1-0"]
[WhiteElo "2028"]
[BlackElo "1802"]
[PlyCount "67"]
[EventDate "2013.09.22"]
[WhiteTeam "Alsace"]
[BlackTeam "Baden"]
[WhiteTeamCountry "FRA"]
[BlackTeamCountry "GER"]

1. c4 e6 2. Nc3 d5 3. d4 Nf6 4. Nf3 Nbd7 5. g3 Be7 6. Bg2 c6 7. Qc2 dxc4 8. O-O
O-O 9. Rd1 Qc7 10. e4 e5 11. Bg5 h6 12. Bxf6 Bxf6 13. d5 Nb6 14. h3 Bd7 15. a4
a5 16. Rac1 Rfd8 17. Qe2 Be8 18. Nd2 Bg5 19. Rc2 Bxd2 20. Rcxd2 cxd5 21. exd5
Bxa4 22. d6 Qc5 23. Nxa4 Nxa4 24. Rd5 Qb4 25. Rxe5 Qxb2 26. Rd2 Qb4 27. d7 Kf8
28. Qe3 c3 29. Re2 Kg8 30. Re8+ Kh7 31. Qd3+ g6 32. Qd5 Kg7 33. Qe5+ Kh7 34.
Qh8# 1-0